000 00695nam a2200241 a 4500
001 68023
003 BD-RjUL
005 20211209081725.0
008 170330s1985 caua b 001 0 eng
020 _a0534049141
035 _a(BD-RjUL)68232
040 _aDLC
_cDLC
_dBD-RjUL
_beng
041 _aeng
082 0 0 _a155.2
_223
_bRYT 1985
100 1 _aRyckman, Richard M.
_9201626
245 1 0 _aTheories of personality /
_cRichard M. Ryckman.
250 _a3rd ed.
260 _aMonterey, Calif. :
_bBrooks/Cole Pub. Co.,
_cc1985.
300 _axv, 527 p. :
_bill. ;
_c25 cm.
504 _aIncludes bibliographies and indexes.
650 0 _aPersonality
_vTextbooks.
_9201627
942 _2ddc
_cBK
999 _c68023
_d68023